[Event "GRE-chT 45th"]
[Site "Achaia"]
[Date "2017.07.05"]
[Round "4.9"]
[White "Athanasopoulos, Theodoros Dim"]
[Black "Papidakis, Georgios"]
[Result "0-1"]
[WhiteElo "1297"]
[BlackElo "1641"]
[PlyCount "70"]
[EventDate "2017.07.03"]
[EventType "team-swiss"]
[EventRounds "7"]
[EventCountry "GRE"]
[SourceTitle "CBM 179 Extra"]
[Source "ChessBase"]
[SourceDate "2017.08.23"]
[SourceVersion "1"]
[SourceVersionDate "2017.08.23"]
[SourceQuality "1"]
[WhiteTeam "Kalamata Poseidon"]
[BlackTeam "OFI"]
[WhiteTeamCountry "GRE"]
[BlackTeamCountry "GRE"]

1. e4 c6 2. d4 d5 3. Nc3 a6 4. Nf3 Bg4 5. Be2 e6 6. exd5 cxd5 7. 0-0 Nf6 8. Re1 Be7 9. Ne5 Bxe2 10. Qxe2 0-0 11. Qf3 Nbd7 12. Qg3 Re8 13. Rf1 Qb6 14. Ne2 Nxe5 15. dxe5 Ne4 16. Qe3 Qc7 17. f3 Nc5 18. Kh1 Nd7 19. c3 Qxe5 20. Qxe5 Nxe5 21. f4 Nd3 22. Rf3 Nc5 23. Nd4 Bf6 24. Bd2 Ne4 25. Be3 Rac8 26. Re1 Rc7 27. g4 Rec8 28. Kg2 b5 29. f5 e5 30. Ne2 b4 31. Bb6 Rc6 32. Ba5 bxc3 33. bxc3 Rb8 34. Rd1 Rb2 35. Kf1 Nd2+ 0-1

[Event "GRE-chT 45th"]
[Site "Achaia"]
[Date "2017.07.03"]
[Round "1.5"]
[White "Athanasopoulos, Theodoros Dim"]
[Black "Spyratos, Nikolaos"]
[Result "0-1"]
[WhiteElo "1297"]
[BlackElo "1514"]
[PlyCount "40"]
[EventDate "2017.07.03"]
[EventType "team-swiss"]
[EventRounds "7"]
[EventCountry "GRE"]
[SourceTitle "CBM 179 Extra"]
[Source "ChessBase"]
[SourceDate "2017.08.23"]
[SourceVersion "1"]
[SourceVersionDate "2017.08.23"]
[SourceQuality "1"]
[WhiteTeam "Kalamata Poseidon"]
[BlackTeam "Panionios GA"]
[WhiteTeamCountry "GRE"]
[BlackTeamCountry "GRE"]

1. d4 d5 2. Bf4 Nf6 3. Nf3 c5 4. e3 Nc6 5. Bd3 c4 6. Be2 h6 7. Nbd2 Bf5 8. 0-0 e6 9. c3 Bd6 10. Bg3 Bxg3 11. hxg3 0-0 12. b3 b5 13. Nh4 Bh7 14. f4 Ne7 15. Nhf3 Nf5 16. Kf2 Ng4+ 17. Kg1 Ngxe3 18. Qc1 Nxg3 19. Rf2 Ng4 20. Ne5 Qh4 0-1